000 00840nam a2200265 a 4500
001 72847
003 BD-RjUL
005 20211209082321.0
008 170524s1957 enka b 001 0 eng d
035 _a(BD-RjUL)73065
040 _dBD-RjUL
_beng
_aBD-RjUL
_cBD-RjUL
041 _aeng
082 _a535.84
_223
_bSES 1957
100 1 _aSeries, G. W.
_9215466
245 1 4 _aThe spectrum of atomic hydrogen /
_cby G.W. Series.
260 _aLondon :
_bOxford University Press,
_c1957.
300 _aviii, 87 p. :
_bill. ;
_c22 cm.
490 _aOxford library of the physical sciences
504 _aIncludes bibliographical references and indexes.
650 0 _aHydrogen
_xSpectra.
_9215467
650 0 _aQuantum theory.
_9215468
830 0 _aOxford library of the physical sciences
_9215470
942 _2ddc
_cBK
999 _c72847
_d72847